NBA 2007 Playoffs Starters - Statistics

General Stats
  • This quiz has been taken 615 times
    570 since last reset
  • The average score is 47 of 80
Answer Stats
Team Player % Correct
Cavaliers LeBron James
99%
Lakers Kobe Bryant
97%
Spurs Tim Duncan
97%
Raptors Anthony Parker
96%
Mavericks Dirk Nowitzki
96%
Suns Steve Nash
96%
Spurs Tony Parker
96%
Bulls Ben Wallace
95%
Heat Dwyane Wade
95%
Pistons Rasheed Wallace
95%
Nets Jason Kidd
94%
Heat Shaquille O'Neal
94%
Pistons Chauncey Billups
93%
Magic Dwight Howard
92%
Mavericks Josh Howard
92%
Rockets Tracy McGrady
92%
Jazz Deron Williams
91%
Heat Jason Williams
91%
Nets Vince Carter
91%
Nuggets Carmelo Anthony
90%
Rockets Yao Ming
89%
Suns Amar'e Stoudemire
87%
Cavaliers Zydrunas Ilgauskas
84%
Pistons Richard Hamilton
83%
Raptors Chris Bosh
82%
Suns Shawn Marion
80%
Nuggets Allen Iverson
76%
Jazz Derek Fisher
76%
Warriors Baron Davis
75%
Pistons Tayshaun Prince
72%
Jazz Carlos Boozer
71%
Nets Richard Jefferson
69%
Mavericks Jason Terry
68%
Heat Udonis Haslem
67%
Spurs Bruce Bowen
63%
Lakers Lamar Odom
61%
Magic Jameer Nelson
60%
Warriors Stephen Jackson
60%
Jazz Andrei Kirilenko
59%
Warriors Jason Richardson
59%
Wizards Antawn Jamison
56%
Bulls Ben Gordon
56%
Bulls Luol Deng
56%
Magic Hedo Turkoglu
55%
Warriors Monta Ellis
54%
Suns James Jones
53%
Bulls Kirk Hinrich
53%
Lakers Kwame Brown
53%
Bulls P.J. Brown
53%
Heat Eddie Jones
52%
Nuggets Marcus Camby
52%
Magic Tony Battie
47%
Cavaliers Larry Hughes
44%
Nuggets Nenê
44%
Spurs Michael Finley
42%
Cavaliers Drew Gooden
39%
Jazz Mehmet Okur
38%
Rockets Shane Battier
38%
Magic Grant Hill
36%
Mavericks Devin Harris
34%
Wizards Etan Thomas
33%
Suns Raja Bell
33%
Pistons Chris Webber
32%
Nets Jason Collins
30%
Rockets Rafer Alston
28%
Lakers Luke Walton
27%
Wizards DeShawn Stevenson
22%
Warriors Andris Biedriņš
20%
Cavaliers Sasha Pavlovic
20%
Mavericks DeSagana Diop
18%
Raptors Rasho Nesterovic
18%
Rockets Chuck Hayes
17%
Wizards Jarvis Hayes
17%
Raptors T.J. Ford
17%
Wizards Antonio Daniels
13%
Lakers Jordan Farmar
13%
Nuggets Steve Blake
11%
Nets Mikki Moore
8%
Spurs Francisco Elson
7%
Raptors Joey Graham
6%
No matching quizzes found
Score Distribution
Percent of People with Each Score
Percentile by Number Answered
Your Score History
You have not taken this quiz since the last reset